CVS Mobile, mint logisztikai információs rendszer
| Szerző: | |
|---|---|
| További közreműködők: | |
| Dokumentumtípus: | Projektmunka |
| Kulcsszavak: | gépjármű üzemeltetés logisztika logisztikai rendszer SWOT-elemzés üzemanyag fogyasztás |
| Online Access: | http://dolgozattar.uni-bge.hu/59822 |
MARC
| LEADER | 00000nnm a2200000 i 4500 | ||
|---|---|---|---|
| 001 | dolg59822 | ||
| 005 | 20260409145616.0 | ||
| 008 | 260409suuuu hu o 000 hun d | ||
| 040 | |a BGE Dolgozattár Repozitórium |b hun | ||
| 041 | |a hu | ||
| 100 | 1 | |a Bellus Laura | |
| 245 | 1 | 0 | |a CVS Mobile, mint logisztikai információs rendszer |c Bellus Laura |h [elektronikus dokumentum] |
| 516 | |a Project_work | ||
| 520 | 3 | |a A projektmunkám célja a CVS Mobile járműflottakezelő rendszer részletes bemutatása, előnyeinek és hátrányainak elemzése SWOT-analízis segítségével. A dolgozat során kiemelt figyelmet fordítok a flottamenedzsment vállalati szerepére, a digitális tachográfok működésére, valamint az üzemanyag-fogyasztás monitorozásának hatásaira, különösen az eco-driving szemléletre. A projekt érdemi részében részletesen feltárom a flottamenedzsment fogalmát, működését és a CVS Mobile rendszer legfontosabb funkcióit. Célom, hogy bemutassam, miként valósulnak meg a flottamenedzsment elvei a gyakorlatban. A szakirodalmi háttér alapján megalapozom a rendszer jelentőségét, különösen az üzemanyag-felhasználás nyomon követése és a tachográf-adatok kezelése terén. A vizsgálatok anyaga és módszerei fejezetben részletezem, milyen forrásokat és szakirodalmat használtam fel. Az eredmények bemutatásakor kitérek arra, milyen előnyöket biztosít az automatikus tachográf-letöltés, a járműkövetés és az eco-driving gyakorlatba ültetése. Végül megfogalmazom saját véleményemet arról, hogyan egészítik ki egymást ezek a funkciók, és milyen gyakorlati értékkel bírnak a vállalatok számára. | |
| 695 | |a gépjármű üzemeltetés | ||
| 695 | |a logisztika | ||
| 695 | |a logisztikai rendszer | ||
| 695 | |a SWOT-elemzés | ||
| 695 | |a üzemanyag fogyasztás | ||
| 700 | 1 | |a Bányai Dr. Kornél |e ths | |
| 856 | 4 | 0 | |u http://dolgozattar.uni-bge.hu/59822/1/CVS%20Mobile%2C%20mint%20logisztikai%20inform%C3%A1ci%C3%B3s%20rendszer-B.L..pdf |z Dokumentum-elérés |
| 856 | 4 | 0 | |u http://dolgozattar.uni-bge.hu/59822/2/Bellus_Laura_FOSZK.pdf |z Dokumentum-elérés |